Style and subject

Saved in:
Bibliographic Details
Main Author: RORABACHER, Louise Elizabeth
Format: Book
Language:English
Published: Harper & Row 1966
Tags: Add Tag
No Tags, Be the first to tag this record!

MARC

LEADER 00000nam a22000007a 4500
008 210122b ||||| |||| 00| 0 eng d
100 |a RORABACHER, Louise Elizabeth 
245 |a Style and subject  |c Louise Elizabeth Rorabacher 
260 |b Harper & Row  |c 1966  |h New York  |i 88603  |l PE1417 .R69   |m College readers.  |m English language – Rhetoric. 
942 |a lcc  |c BK  |e Adeyeye Y. S.  |f 22/01/21 
952 |0 0  |1 0  |2 lcc  |4 0  |6 PE1417 R69  |7 0  |9 1500  |a HOL  |b HOL  |c LP  |d 2021-01-22  |l 0  |o PE1417 .R69  |p 2021-0297  |r 2021-01-22 00:00:00  |w 2021-01-22  |y BK 
999 |c 786  |d 786